| 000 | 00456nam a2200181Ia 4500 | ||
|---|---|---|---|
| 008 | 151018s9999 xx 000 0 und d | ||
| 082 |
_bRBASDV14144 _a823 |
||
| 100 | _aHasek Jawslav | ||
| 245 | _aThe Good roldier schwiwk | ||
| 250 | _b1 | ||
| 260 |
_bPenguin Books _c1937 |
||
| 300 | _a242 | ||
| 600 | _aHasek Jawslav | ||
| 630 | _aThe Good roldier schwiwk | ||
| 700 | _aHasek Jawslav | ||
| 730 | _aThe Good roldier schwiwk | ||
| 942 | _cBOOK | ||
| 999 |
_c1015552 _d1015549 |
||